000 01113nam a22002057a 4500
003 JO-AjAnu
005 20250317092944.0
008 250315b jo ||||| |||| 00| 0 ara d
040 _aJO-AjAnu
_bara
_cJO-AjAnu
_dJO-AjAnu
_erda
041 _aara
_hara
050 _aHG1708.7
_b2025
100 1 _aالطويق، رنا محمد سليمان
_eمعد
_966508
245 0 _aاثر التحول الرقمي على الأرباح في البنوك التجارية الأردنية = The Impact of Digital Transformation on Profits in Jordanian Commercial Banks /
_c اعداد رنا محمد سليمان الطويق ؛ اشراف مأمون محمد القضاة
260 _c2025
300 _a96 ورقة
504 _aرسالة جامعية ( رسالة ماجستير في المحاسبة) - جامعة عجلون الوطنية، (عجلون، الاردن) - كلية الاعمال، قسم المحاسبة، 2025.
650 0 _aالبنوك - التحول الرقمي - محاسبة -الاردن.
_966509
700 1 _aالقضاة، مأمون محمد
_965625
_eمشرف
942 _2lcc
_cTHS
_n0
999 _c33895
_d33895